[Event "Ruhrgebiet Verbandsklasse Gruppe 3 1617"]
[Site "Germany"]
[Date "2016.09.04"]
[Round "1.8"]
[White "Salzmann, Juergen"]
[Black "Fieblinger, Bodo"]
[Result "1-0"]
[WhiteElo "1832"]
[BlackElo "1743"]
[PlyCount "81"]
[EventDate "2016.09.04"]
[EventType "team-tourn"]
[EventRounds "9"]
[EventCountry "GER"]
[SourceTitle "EXT 2022"]
[Source "ChessBase"]
[SourceDate "2021.10.06"]
[SourceVersion "1"]
[SourceVersionDate "2021.10.06"]
[SourceQuality "1"]
[WhiteTeam "Mengede SG"]
[BlackTeam "Borbeck Weisse Dame II"]
[WhiteTeamCountry "GER"]
[BlackTeamCountry "GER"]

1. e4 e5 2. Nf3 Nc6 3. d4 exd4 4. Nxd4 Bc5 5. Be3 Bb6 6. Nxc6 bxc6 7. Bxb6 axb6 8. Nc3 d6 9. Be2 Ne7 10. 0-0 0-0 11. f4 Ba6 12. Bxa6 Rxa6 13. Qe2 Ra5 14. Rae1 Kh8 15. a3 Ng8 16. Qf3 f5 17. e5 d5 18. Rd1 Qe7 19. Kh1 Rd8 20. Ne2 Qe8 21. Nd4 Ne7 22. Ne6 Rd7 23. Qg3 Qg8 24. Ng5 Nc8 25. e6 Re7 26. Nf7+ Rxf7 27. exf7 Qxf7 28. Qh4 Ne7 29. Rfe1 Ng8 30. Qd8 Ra4 31. Re8 Re4 32. Re1 h6 33. R1xe4 dxe4 34. b3 Kh7 35. Rf8 Qe6 36. Qc8 Qxc8 37. Rxc8 Nf6 38. Rxc7 Nd5 39. Rxc6 Nxf4 40. Kg1 e3 41. g3 1-0

[Event "Ruhrgebiet VK3 0405"]
[Site "Ruhrgebiet"]
[Date "2005.01.09"]
[Round "5.8"]
[White "Fieblinger, Bodo"]
[Black "Sklarz, Gerd"]
[Result "0-1"]
[WhiteElo "1733"]
[BlackElo "1923"]
[PlyCount "44"]
[EventDate "2004.09.12"]
[EventType "team"]
[EventRounds "9"]
[EventCountry "GER"]
[SourceTitle "EXT 2006"]
[Source "ChessBase"]
[SourceDate "2005.11.24"]
[SourceVersion "1"]
[SourceVersionDate "2005.11.24"]
[SourceQuality "1"]
[WhiteTeam "Essen Borbeck II"]
[BlackTeam "Bottrop"]
[WhiteTeamCountry "GER"]
[BlackTeamCountry "GER"]

1. e4 e6 2. d4 d5 3. Nc3 Nf6 4. e5 Nfd7 5. f4 c5 6. Nf3 Nc6 7. Be3 cxd4 8. Nxd4 Bc5 9. Nxc6 bxc6 10. Bxc5 Nxc5 11. Qg4 0-0 12. b4 Nd7 13. Bd3 Qb6 14. Qh3 g6 15. Rb1 a5 16. a3 Ba6 17. b5 cxb5 18. Bxb5 Bxb5 19. Rxb5 Qd4 20. Qf3 Rac8 21. Rb3 a4 22. Rb4 Qxc3+ 0-1

[Event "Ruhrgebiet VK2 0304"]
[Site "Ruhrgebiet"]
[Date "2004.02.08"]
[Round "6.7"]
[White "Fieblinger, Bodo"]
[Black "Dukic, Dalibor"]
[Result "0-1"]
[WhiteElo "1744"]
[BlackElo "1869"]
[PlyCount "82"]
[EventDate "2003.09.28"]
[EventType "team"]
[EventRounds "9"]
[EventCountry "GER"]
[SourceTitle "EXT 2007"]
[Source "ChessBase"]
[SourceDate "2006.11.23"]
[SourceVersion "1"]
[SourceVersionDate "2006.11.23"]
[SourceQuality "1"]
[WhiteTeam "Essen Borbeck II"]
[BlackTeam "Hamm 1911"]
[WhiteTeamCountry "GER"]
[BlackTeamCountry "GER"]

1. e4 d6 2. d4 g6 3. f4 Bg7 4. Nf3 Nf6 5. Bd3 0-0 6. 0-0 a6 7. c3 c5 8. dxc5 dxc5 9. Qe2 Qc7 10. Be3 b5 11. Nbd2 Ng4 12. e5 f5 13. Rad1 e6 14. Kh1 Nxe3 15. Qxe3 Nd7 16. c4 b4 17. Ng5 Re8 18. Be2 h6 19. Ngf3 Bb7 20. Nb3 Rac8 21. Rd6 Bf8 22. Rd2 Be7 23. Rfd1 Nf8 24. Ne1 a5 25. Qh3 Kg7 26. Kg1 a4 27. Nc1 Bc6 28. g4 Rcd8 29. Ncd3 Rd4 30. b3 Red8 31. gxf5 exf5 32. Bf3 Be4 33. Qg2 Ne6 34. Bxe4 Rxe4 35. Qg3 axb3 36. axb3 Nd4 37. Nf3 Re3 38. Nde1 Qc6 39. Kf2 Qe4 40. Rxd4 cxd4 41. Rd2 d3 0-1